<?xml version="1.0" encoding="UTF-8"?>
<collection xmlns="http://www.loc.gov/MARC21/slim">
 <record>
  <leader>01040nam a2200241   4500</leader>
  <controlfield tag="001">1/21831</controlfield>
  <controlfield tag="008">990824s1988    enk      bm   00110 eng d</controlfield>
  <datafield tag="035" ind1=" " ind2=" ">
   <subfield code="l">22535</subfield>
  </datafield>
  <datafield tag="040" ind1=" " ind2=" ">
   <subfield code="a">GR-PeUP</subfield>
  </datafield>
  <datafield tag="090" ind1=" " ind2=" ">
   <subfield code="a">387.509 38 HA</subfield>
  </datafield>
  <datafield tag="100" ind1="1" ind2=" ">
   <subfield code="a">Χαρλαύτη, Τζελίνα,</subfield>
   <subfield code="d">1958-</subfield>
  </datafield>
  <datafield tag="245" ind1="1" ind2="4">
   <subfield code="a">The Greek shipowners, the economy and the state (1958 - 1974) :</subfield>
   <subfield code="b">thesis presented for the degree of doctor of philosophy in the faculty of modern history /</subfield>
   <subfield code="c">Angeliki Harlaftis</subfield>
  </datafield>
  <datafield tag="260" ind1=" " ind2=" ">
   <subfield code="a">[Oxford] :</subfield>
   <subfield code="b">University of Oxford ,</subfield>
   <subfield code="c">1988</subfield>
  </datafield>
  <datafield tag="300" ind1=" " ind2=" ">
   <subfield code="a">xx, 457 p. :</subfield>
   <subfield code="b">tabl. ;</subfield>
   <subfield code="c">29 cm.</subfield>
  </datafield>
  <datafield tag="502" ind1=" " ind2=" ">
   <subfield code="a">Διατριβή (διδακτορική)--University of Oxford, 1988.</subfield>
  </datafield>
  <datafield tag="500" ind1=" " ind2=" ">
   <subfield code="a">Include index</subfield>
  </datafield>
  <datafield tag="504" ind1=" " ind2=" ">
   <subfield code="a">Include bibliography</subfield>
  </datafield>
  <datafield tag="650" ind1=" " ind2="4">
   <subfield code="a">Merchant marine</subfield>
   <subfield code="z">Greece</subfield>
   <subfield code="x">History.</subfield>
  </datafield>
  <datafield tag="650" ind1=" " ind2="4">
   <subfield code="a">Dissertations, Academic.</subfield>
  </datafield>
  <datafield tag="650" ind1=" " ind2="4">
   <subfield code="a">Διατριβές.</subfield>
  </datafield>
  <datafield tag="650" ind1=" " ind2="4">
   <subfield code="a">Merchant marine</subfield>
   <subfield code="x">Government policy</subfield>
   <subfield code="z">Greece</subfield>
   <subfield code="x">History.</subfield>
  </datafield>
  <datafield tag="651" ind1=" " ind2="0">
   <subfield code="a">Greece</subfield>
   <subfield code="x">Economic conditions</subfield>
   <subfield code="y">(1918-1974)</subfield>
  </datafield>
  <datafield tag="852" ind1=" " ind2=" ">
   <subfield code="a">INST</subfield>
   <subfield code="b">UNIPILB</subfield>
   <subfield code="c">DISS</subfield>
   <subfield code="e">20040709</subfield>
   <subfield code="h">387.509 38 HA</subfield>
   <subfield code="p">00131917</subfield>
   <subfield code="q">00131917</subfield>
   <subfield code="t">NOLOAN</subfield>
   <subfield code="y">23</subfield>
   <subfield code="4">1</subfield>
  </datafield>
 </record>
</collection>
